[Event "EU-chT (Men) 14th"]
[Site "Plovdiv"]
[Date "2003.10.20"]
[Round "9.1"]
[White "Agrest, Evgenij"]
[Black "Kanep, Meelis"]
[Result "1-0"]
[WhiteElo "2605"]
[BlackElo "2452"]
[Annotator "Ribli,Z"]
[PlyCount "53"]
[EventDate "2003.10.10"]
[EventType "team-swiss"]
[EventRounds "9"]
[EventCountry "BUL"]
[SourceTitle "CBM 098"]
[Source "ChessBase"]
[SourceDate "2004.02.03"]
[SourceVersion "1"]
[SourceVersionDate "2004.02.03"]
[SourceQuality "1"]
[WhiteTeam "Sweden"]
[BlackTeam "Estonia"]
[WhiteTeamCountry "SWE"]
[BlackTeamCountry "EST"]

1. c4 e6 2. Nc3 b6 3. e4 Bb7 {Diese Spielweise ist eigentlich die
Larsen-Eröffnung (1.b3), aber mit vertauschten Farben. Schwarz möchte nicht
das Zentrum besetzen, sondern die gegnerische Zentrumsstellung sprengen.} 4.
Nf3 Bb4 5. Bd3 Ne7 6. Ne2 {Droht 7.a3 und der b4B steht in der Luft. Die
Hauptalternative ist 6.0-0 0-0 7.Bc2.} Nbc6 (6... f5 7. Qc2 (7. Ng3 Ng6 8. O-O
f4 9. Ne2 O-O 10. Bb1 (10. Bc2 $5) 10... Be7 $5 $146 (10... Nh4 11. Nxh4 Qxh4
12. f3 $14 e5 13. d4 {1-0 Chernin,A-Speelman,J/EUCup G3 1997 (24)}) 11. d4 c5
$13 12. Bd2 Qc7 13. b3 Nc6 14. Bc3 e5 15. dxe5 Ncxe5 16. Nxe5 Nxe5 17. f3 Ng6
18. Qd2 d6 19. Bc2 $11 {1/2-1/2 Agrest,E-Zvjaginsev,V/Kazan 1997/CBM 63/[Ribli]
(53)}) 7... Nbc6 (7... fxe4 8. Bxe4 Bxe4 9. Qxe4 Nbc6 10. a3 Bd6 11. d4 O-O 12.
Bd2 Qe8 13. Ne5 Bxe5 14. dxe5 Ng6 15. Bc3 Rf5 16. f4 Qf8 17. g3 {1-0 Kosten,
A-Taddei,B/France 2000/EXT 2001 (27)}) 8. exf5 Nxf5 9. Bxf5 exf5 10. Qxf5 Qe7
11. O-O Qxe2 12. Re1 Qxe1+ 13. Nxe1 O-O-O 14. b3 {1-0 Krasenkow,M-Speelman,J/
Batumi 1999/CBM 74 (67)}) (6... Ng6 $5 7. Bc2 (7. Bb1 e5 8. O-O Be7 9. d4 d6
10. Ng3 O-O 11. Be3 Nd7 12. Qd2 Re8 13. d5 a5 14. b3 {1-0 Agrest,E-Larsson,P/
Sweden 2000/EXT 2002 (29)}) 7... Nh4 $5 (7... O-O 8. a3 Be7 9. d4 f5 10. exf5
Nh4 11. Nxh4 Bxh4 12. O-O exf5 13. d5 a5 14. Nd4 $14 {1-0 Agrest,E-Keller,C/
Metz FRA 2003/}) 8. a3 Bd6 9. Nxh4 Qxh4 10. Ng3 $6 (10. Nc3 f5 $1 11. d4 fxe4
12. Be3 O-O 13. Qb1 Nc6 14. Bxe4 Rae8 $32) 10... Nc6 $2 (10... f5 $1 11. exf5
Bxg2 12. Rg1 Qxh2 13. Rxg2 Qxg2 14. Qh5+ Kd8 $13) 11. d4 O-O 12. Be3 $6 (12.
O-O f5 13. e5 Be7 (13... Nxd4 14. exd6 Nxc2 15. Qxc2 f4 16. dxc7 $1 fxg3 17.
hxg3 $16) 14. Ne2 $13) 12... Na5 $1 {1/2-1/2 Agrest,E-Atalik,S/Bled 2002/CBM
92/[Atalik] (30)}) 7. a3 Bd6 8. Bc2 {Die schwarzen Figuren stehen gekünstelt,
weil Weiß einen einfachen Plan hat - 9.d4, mit Übergewicht im Zentrum.} f5 9.
d4 fxe4 10. Bxe4 O-O 11. Qc2 Nf5 12. h4 $5 {[%mdl 4] Das ist die weiße
Verbesserung. Weiß bereitet die Drohung 13.g4 vor, was nach dem Textzug sehr
stark wäre.} (12. d5 Ne5 13. Nxe5 Bxe5 14. dxe6 Bxe4 15. Qxe4 Bd6 16. Ng3 dxe6
17. O-O Qf6 18. Ne2 {1/2-1/2 Agrest,E-Ehlvest,J/Lunds 2001/CBM 81 ext (18)}) (
12. g4 Nh4 $132) 12... h5 {Mit diesem Zug verteidigt sich Schwarz gegen 13.g4,
aber der Textzug schwächt das Feld g5.} (12... h6 13. g4 $36 (13. d5 Ne5 14.
Nxe5 Bxe5 15. dxe6 Bxe4 16. Qxe4 Bd6 17. exd7 (17. Rh3) 17... Qxd7 18. g4 Ne7
19. Be3 $16)) 13. Bg5 {[%csl Gg5]} Qe8 14. O-O-O $16 {Weiß hat das bessere
Figurenspiel, einen starken Posten auf g5 und Schwarz muss immer mit dem
Zentrumsdurchbruch d4-d5 (oder c4-c5) rechnen.} Rb8 (14... a5 15. Rhe1 a4 16.
d5 Na5 17. Qxa4 $16) (14... Na5 15. d5 $16) 15. Rhe1 {[%cal Ge1e8,Gd4d5]} Na5
16. d5 Ba6 17. Ned4 Nxd4 18. Rxd4 $1 (18. Nxd4 Bxc4 (18... Nxc4 19. dxe6 dxe6
20. Nxe6 $18) 19. b4 $16) 18... e5 (18... Bc5 19. dxe6 Bxd4 20. Nxd4 dxe6 21.
Nxe6 Bxc4 (21... Qxe6 22. Bh7+ $18) 22. Nxg7 Kxg7 23. Bh6+ $1 Kxh6 24. Qd2+ $18
) 19. Bd3 {Weiß hat deutlichen Vorteil - droht jetzt 20.Rde4.} (19. Bh7+ Kh8
20. Bg6 Nb3+ 21. Qxb3 (21. Kb1 Nxd4 22. Nxd4 Rxf2 23. Bxe8 Rxc2 24. Kxc2 Rxe8
25. b3 $15) 21... Qxg6 22. Rde4 c6 23. dxc6 dxc6 24. Nxe5 Bxe5 25. Rxe5 Rxf2
$132) 19... b5 (19... exd4 20. Rxe8 Rbxe8 21. Bh7+ (21. b4 $18) 21... Kh8 22.
Qg6 $18) 20. c5 Bxc5 21. Rxe5 {[%mdl 128]} (21. Rde4 Nc4 22. Rxe5 Qc8 (22...
Nxe5 23. Nxe5 $18 {[%cal Rd3h7,Rh7g8]}) 23. R5e2 $16) 21... Qxe5 $2 {Nach
diesem Zug bekommt Schwarz zwei Türme gegen eine Dame, aber seine
Königsstellung ist nicht verteidigungsfähig.} (21... Qc8 $142 22. Rf4 $16) 22.
Nxe5 Bxd4 23. Bh7+ Kh8 24. Ng6+ Kxh7 25. Ne7+ (25. Nxf8+ Kg8 26. Qh7+ Kxf8 27.
Qh8+ Kf7 28. Qxb8 $18) 25... Kh8 26. Qg6 $18 {[%csl Rh8][%cal Rg6h5,Rh5h8]
Nach diesem Zug hat Schwarz keine Verteidigung mehr.} Nb3+ 27. Kb1 1-0

[Event "Toronto1"]
[Site "Toronto"]
[Date "1990.??.??"]
[Round "2"]
[White "Vaganian, Rafael A"]
[Black "Piasetski, Leon David"]
[Result "1-0"]
[WhiteElo "2605"]
[BlackElo "2415"]
[Annotator "Ribli,Z"]
[PlyCount "36"]
[EventDate "1990.04.??"]
[EventType "tourn"]
[EventRounds "11"]
[EventCountry "CAN"]
[EventCategory "9"]
[SourceTitle "CBM 020"]
[Source "ChessBase"]
[SourceDate "1991.02.01"]
[SourceVersion "1"]
[SourceVersionDate "1991.02.01"]
[SourceQuality "1"]

1. Nf3 e6 2. c4 f5 3. g3 Nf6 4. Bg2 d5 5. O-O Bd6 (5... c6 6. d3 Be7 7. b3 O-O
8. Bb2 {Espig,L-Knaak,R DDR-ch Zittau 1989 CBM/12}) 6. Nc3 c6 (6... O-O 7. d3
Bc5 8. Qc2 $14 {Miralles,G-Ivanovic,B Vrsac 1989 CBM/15}) 7. d3 O-O 8. e4 $1
Bc7 9. cxd5 exd5 10. e5 Nfd7 11. d4 $14 Nb6 12. Ne2 Kh8 13. h4 Be6 14. Nf4 Bg8
15. b3 Qe7 16. a4 Rc8 17. h5 Bd8 18. Nh4 Qd7 $2 {19.Nhg6+!, hxg6 20.Nxg6+, Kh7
21.Nf8+ +/-} 1-0

[Event "RUS-Cup4"]
[Site "Perm"]
[Date "1997.02.13"]
[Round "6"]
[White "Sorokin, Maxim"]
[Black "Potapov, Alexander"]
[Result "0-1"]
[WhiteElo "2560"]
[BlackElo "2455"]
[Annotator "Ribli,Z"]
[PlyCount "76"]
[EventDate "1997.02.02"]
[EventType "swiss"]
[EventRounds "9"]
[EventCountry "RUS"]
[SourceTitle "CBM 058"]
[Source "ChessBase"]
[SourceDate "1997.06.01"]
[SourceVersion "1"]
[SourceVersionDate "1997.06.01"]
[SourceQuality "1"]

1. Nf3 f5 2. b3 Nf6 (2... c5 $6 {Ich bin der Meinung, daß es nicht gut ist, in
der Eröffnung beides, c5 und f5, zu spielen.Ribli.} 3. Bb2 Nc6 4. g3 e6 5. Bg2
Nf6 6. O-O Be7 7. c4 O-O 8. e3 Ne4 $6 9. a3 (9. d3 Bf6 10. Qe2 Bxb2 11. Qxb2
Qf6) 9... Bf6 10. Ra2 d6 11. d3 Bxb2 12. dxe4 fxe4 13. Nfd2 Bf6 14. Nxe4 Be7
15. Rd2 $16 {[%cal Re4d6,Rd2d6] Csom - Esam,Cairo 1997.Ribli.}) 3. Bb2 e6 4. g3
d5 $6 {Ich glaube, daß das sogenannte "Stonewall-System" günstiger für Schwarz
ist, wenn Weiss schon d2-d4 gespielt hat. In unserer Partie spielt der
Anziehende nun natüerlich nicht mehr d2-d4, sondern c2-c4 und moeglicherweise
e2-e4.Ribli.} 5. Bg2 Bd6 6. O-O O-O 7. d3 Qe7 (7... c6 8. Nbd2 Nbd7 9. e4 $14 {
[%csl Yd4,Yd5,Ye4,Ye5]}) 8. c4 c6 9. Nc3 {Aljechin, der 4.Weltmeister hat zwar
gesagt,daß man mit Weiss die N nach f3 und c3 entwickeln muß, aber in dieser
konkreten Stellung - ich glaube - wäre 9.Nbd2 flexibler.Ribli.} (9. Nbd2 e5 (
9... Nbd7 10. Qc2 f4 11. d4 $14) 10. cxd5 cxd5 11. e4 $14) 9... Nbd7 10. Qc2 f4
$1 $13 11. e3 (11. Rae1 Ng4 12. e4 (12. h3 Nge5 13. g4 Nxf3+ 14. Bxf3 Ne5 15.
Bh1 f3 $40 {[%csl Gd6,Ge5,Gf3,Gf8,Rg4,Rh3]} 16. d4 Nxg4 $17) 12... fxe3 (12...
dxc4 13. d4 $5 cxb3 (13... Nb6 14. h3 Nh6 15. g4 Nf7 16. Ne2 cxb3 17. Qxb3 $44
{Und fuer den Bauern bekommt Weiss freie Hand im Zentrum.Ribli.}) 14. axb3 $44)
13. fxe3 {Das fuehrt zur Partie.Ribli.}) 11... fxe3 12. fxe3 Ng4 13. Rae1 Nde5
14. Nd1 (14. Nxe5 Rxf1+ 15. Bxf1 Nxe5 16. Bg2 Bd7 $11 {Und Schwarz hat den
einfachen Plan:Qg5,Ng4,Rf8.Ribli.}) 14... Bd7 15. Nxe5 Nxe5 16. Qe2 Qg5 $36 {
Schwarz hat nun die bessere Figurenstellung,und Angriffchancen am
Koenigsfluegel.Ribli.} 17. Nf2 (17. Rf4 $5 Ng6 18. Rxf8+ Rxf8 19. Rf1) 17...
Be8 {Das ist eine bekannte Manoever,Schwarz gibt Leben mit Bh5,oder Bg6 fuer
seine Laeufer.Ribli.} 18. Nh3 Rxf1+ 19. Rxf1 (19. Qxf1 Qh6) 19... Bh5 $1 {
Ein sogenannter Zwischenzug.Ribli.} 20. Qd2 (20. Nxg5 Bxe2 21. Re1 Bg4 $5 (
21... Bxd3 22. Nxe6 (22. Bh3 Re8 23. Nxe6 (23. Bxe6+ $2 Rxe6 24. Nxe6 Nf3+ 25.
Kf2 Nxe1 26. Kxe1 dxc4 $17) (23. Bxe5 Bxe5 24. Bxe6+ $16) 23... Nf3+) 22...
dxc4 23. bxc4 (23. Nf4 cxb3 $2 (23... Re8) (23... Rd8) 24. Bxe5 Bxe5 25. Nxd3
bxa2 26. Nxe5 $18) 23... Bxc4) (21... Nxd3 $4 22. Rxe2 $18) 22. Bxe5 Bxe5 $15)
20... Qh6 21. Nf4 Bf7 22. Bxe5 $6 {Ich glaube, daß dies eine fehlerhafte
Entscheidung ist; Weiss gibt sein Laeuferpaar für nichts auf. Ribli.} (22. h3)
(22. h4 g5 23. hxg5 Qxg5 $36 {[%cal Rg4g3,Rg5g3]}) (22. e4 g5 23. Nh3 $13)
22... Bxe5 23. Qb4 Rb8 24. Qe7 (24. d4 $5 Bxf4 (24... Bc7 25. Qe7) 25. Rxf4 $11
) 24... Qf6 25. Qa3 (25. Nxd5 $2 Qxe7 26. Nxe7+ Kf8 $19 {[%csl Re7]}) 25... Qd8
26. Qxa7 {Nun hat Weiss einen Bauern mehr, aber mit dem Laeuferpaar hat
Schwarz mehr, als ausreichenden Ersatz fuer das Material.Ribli.} Bc7 {[%cal
Yc7b6,Yb6e3]} 27. Qa3 $6 (27. d4 dxc4 28. bxc4 e5 29. dxe5 Bxc4 $36) 27... e5
28. Ne2 Ra8 29. Qb2 Qg5 $44 {[%cal Rg5e3]} 30. cxd5 (30. Qd2 Bb6 $40) 30...
Qxe3+ 31. Kh1 Bxd5 32. Bxd5+ cxd5 33. Nc3 Bd6 $1 34. Qf2 Qxd3 35. Qf7+ Kh8 36.
Nxd5 h6 37. Rc1 $4 $138 (37. Qf3 Qxf3+ 38. Rxf3 Rxa2 $15 {Und dank seiner
Aktivitaet Schwarz hat bessere Aussichten.Ribli.}) 37... Rf8 $19 38. Qxb7 Rf1+
{Und Weiss gab auf. Ribli.} 0-1

[Event "Ciocaltea Memorial"]
[Site "Bucharest"]
[Date "1997.??.??"]
[Round "11"]
[White "Iordachescu, Viorel"]
[Black "Itkis, Boris"]
[Result "0-1"]
[WhiteElo "2485"]
[BlackElo "2440"]
[Annotator "Ribli,Z"]
[PlyCount "80"]
[EventDate "1997.03.??"]
[EventType "tourn"]
[EventRounds "13"]
[EventCountry "ROU"]
[EventCategory "10"]
[SourceTitle "CBM 060"]
[Source "ChessBase"]
[SourceDate "1997.09.29"]
[SourceVersion "1"]
[SourceVersionDate "1997.09.29"]
[SourceQuality "1"]

1. c4 e6 2. Nc3 b6 3. Nf3 Bb7 4. e4 Bb4 5. Bd3 {Auf ersten Blick ein
unnatürlicher Zug, und es scheint, daß der Läufer auf d3 die weie Entwicklung
hindert. Aber in Wirklichkeit zielt der Läufer nach c2, wo er gut steht. Weiß
kann dann immer noch rechtzeitig d2-d3 oder d2-d4 spielen.} (5. d3 Ne7 6. Qb3 (
6. Be2 Bxc3+ $5 (6... O-O 7. O-O Ng6 8. Ne1 f5 9. exf5 Rxf5 10. Ne4 Be7 11. Nc2
c5 12. f4 Nc6 13. Bg4 Rf8 14. Be3 Nh4 15. Qd2 Nf5 16. Bf2 Qc7 17. Bh3 Rad8 {
1/2-1/2 Speelman,J-Bischoff,K/Altensteig 1994}) 7. bxc3 O-O 8. O-O Nbc6 9. Nd4
f5 $5 10. Nxc6 Bxc6 11. f3 Ng6 12. Be3 Qf6 13. Qd2 d6 14. d4 e5 15. Bg5 Qf7 {
1/2-1/2 Hansen,C-Ehlvest,J/Biel izt 1993 (27)}) 6... a5 7. a3 a4 8. Qc2 Bxc3+
9. Qxc3 O-O 10. h4 d5 11. Rh3 dxe4 12. dxe4 Bxe4 {0-1 Rigo,J-Bricard,E/Paris
op 1995 (36)}) (5. Qc2 Ne7 6. d4 Bxc3+ 7. bxc3 d6 8. Bd3 Nd7 9. O-O e5 10. a4
Nc6 11. Rb1 O-O 12. Bg5 Qe8 13. Be3 Nf6 14. Rfe1 Na5 {Beim,V-Lempert,I/
Berliner Sommer 1993/0-1 (61)}) (5. Qb3 Na6 $5 6. Be2 {N} Ne7 7. O-O O-O 8. d3
Ng6 9. Bd2 d6 10. a3 Nc5 $1 11. Qc2 (11. Qxb4 $4 a5 12. Qb5 c6 $19) 11... Bxc3
12. Bxc3 f5 $1 $15 {1/2-1/2 Serper,G-Yermolinsky,A/WchT Luzern 1993 (41)}) 5...
Ne7 {Die andere theoretische Fortsetzung ist 5...Nf6. Der Partiezug scheint
ellastischer, um sich die Option für den Zug f7-f5 offen zun halten.} 6. O-O
Ng6 (6... O-O 7. Ne2 (7. e5 Ng6 8. Be4 Bxe4 9. Nxe4 d6 10. exd6 cxd6 11. Qa4 a5
12. a3 d5 {0-1 Williams,S-King,D/London Lloyds 1993 (24)}) (7. Bc2 f5 8. Re1 (
8. Qe2 Bxc3 9. bxc3 Bxe4 10. Bxe4 fxe4 11. Qxe4 Nbc6 12. d4 Nf5 {1/2-1/2
Ioseliani,N-Matveeva,S/EU-chTW 1997 (22)}) (8. d4 Bxc3 9. bxc3 Bxe4 10. Bxe4
fxe4 11. Ng5 Qe8 {xh4 Rahman,Z-Speelman,J/Calcutta op 1996/0-1 (47)}) (8. e5
Bxf3 9. gxf3 Ng6 10. d4 Qh4 11. Ne2 Nc6 12. f4 Qg4+ 13. Ng3 Qh3 14. f3 Nxd4 15.
Be3 Nh4 16. Rf2 Be1 {0-1 Zlotnikov,M-Shabalov,A/New York op 1997 (22)}) 8...
Bxc3 9. dxc3 h6 10. exf5 Nxf5 11. Nd4 Qf6 12. Nxf5 exf5 13. Bf4 d6 14. c5 bxc5
15. Bb3+ Kh7 16. Qh5 {1-0 Rotstein,A-Sulava,N/Geneve op 1996 (21)}) 7... f5 8.
Ng3 Bd6 9. Re1 c5 10. exf5 Nxf5 11. Bxf5 Bxg3 12. Be4 Bxe4 13. Rxe4 Bd6 14. d4
{1/2-1/2 Gurevich,M-Kengis,E/URS-chYM Jurmala 1983 (28)}) (6... Bxc3 $5 7. dxc3
O-O 8. e5 (8. Bg5 f6 9. Bh4 e5 10. Bg3 d6 11. Qe2 Nd7 12. Nd2 Nc5 13. b4 Ne6
14. Nb3 Ng6 15. f3 Ngf4 16. Qe3 c6 17. Rfd1 Qc7 18. Bf1 {0-1 Krylov,S-Zak,U/
Groningen op 1994 (33)}) 8... Ng6 9. Re1 Bxf3 10. Qxf3 Nc6 11. Qg3 d6 12. Bg5
Qd7 {0-1 Roos,C-Haik,A/FRA-chT 1993 (33)}) 7. Bc2 Bxc3 8. bxc3 Nc6 (8... d6 {
nebst 9...Nbd7 ist auch möglich.}) 9. Qe2 O-O {Schwarz hat eine feste Stellung
und keine Schwächen, aber Weiß hat das Läuferpaar und ein potentielles
Übergewicht im Zentrum.Trotzdem glaube ich, daß Schwarz eine bequeme Stellung
hat.} 10. d3 (10. d4 Na5 {[%csl Rc4][%cal Ga5c4]}) 10... d6 11. Bd2 (11. Ne1 $5
{Dieser Zug ermöglicht es Weiß f2-f4 folgen zu lassen.}) 11... e5 $13 12. Rae1
Bc8 $5 {Eine gute Idee. Schwarz findet eine bessere Diagonale für den Läufer.
Auf b7 hat er keine Zukunft.} (12... Nh4) (12... f5 $2 {Strategisch ist dieser
Zug gut, aber Schwarz muß das vorbereiten.} 13. exf5 Rxf5 14. d4 {[%cal Rc2f5]}
) 13. h3 {Weiß kann diesen Zug kaum vermeiden. Es droht 13...Bg4.} Qe7 14. Nh2
Qh4 15. Ba4 $6 {Dieser scheinbar aktive Zug gefällt mir nicht. Er treibt den
Springer auf ein besseres Feld.} (15. Nf3 $5 {Eine Einladung zur
Zugwiederholung.} Qh5 16. Nh2 $11) 15... Nd8 16. f4 $6 {Weiß spielt aktiv,
aber er hat keine realen Zielpunkte am Königsflügel.} (16. Nf3) 16... exf4 17.
Nf3 Qh5 18. Nd4 Qg5 $5 (18... Qxe2 19. Nxe2 Ne6 20. Bc6 Rb8 21. Nxf4 Ngxf4 22.
Bxf4 Nxf4 23. Rxf4 Be6 $11) 19. Kh1 {Weiß muß so spielen, da 19...Bxh3 drohte.}
c5 $15 {Schwarz hat einen Bauern mehr, aber das hat keine große Bedeutung.
Weiß kann den f4-Bauern zurückgewinnen. Von größerer Bedeutung ist die "ewige"
Bauernschwäche im weißen Lager..} 20. Nb5 Qe7 (20... Qe5 21. d4) 21. Bxf4 Nxf4
22. Rxf4 Nc6 {Der schwarze Springer zielt nach e5, wo er das ganze Brett
kontrolliert.} 23. Na3 Ne5 {[%csl Ra3,Ra4] Jetzt das ist klar: Der
Haupttkriegschauplatz ist der Königsflügel. Schwarz muß den Zug f7-f5
vorbereiten, und dann hat er die besseren Aussichten. Die weißen Leichtfiguren
stehen nicht gut auf a3 und a4..} 24. Ref1 a6 {Für alle Fälle vermeidet
Schwarz einen möglichen Springerzug nach b5.} 25. Bb3 Ng6 26. R4f2 f5 $36 27.
Qh5 $6 (27. exf5 Qxe2 28. Rxe2 Bxf5 29. Re3) 27... f4 $1 {[%csl Ge5,Rh5][%cal
Rg6e5] Schwarz gewinnt Raum am Königsflügel und sichert das Feld e5 für seinen
Springer. Ich merke an, daß Weiß mit der Dame auf h5 nur Schwierigkeiten hat.}
28. Nb1 Be6 29. Nd2 Ne5 {[%csl Ge5]} 30. d4 (30. Qe2 g5 31. d4 Ng6) (30. Rxf4
$2 Rxf4 31. Rxf4 Nxd3) 30... Nd3 $1 $17 (30... Bf7 31. Qe2 (31. Qf5 Bg6 $19)
31... Ng6 $15) 31. Re2 (31. Rf3 Bf7 32. Qg4 (32. Qf5 g6 33. Qg4 h5 $19) 32...
h5 (32... Be6 33. Qh5 Bf7 $11) 33. Qf5 g6 $19) {[#]} 31... f3 {Ein schöner Zug,
der die Qualität mit besserer Stellung gewinnt.} 32. Rxf3 (32. Nxf3 Nf4 $19)
32... Nf4 33. Rxf4 Rxf4 {[%csl Rb3] Schwarz hat die Qualität mehr für einen
Bauern. Weiß hat kaum Kompensation, denn sein Läufer steht schlecht, und er
hat keine Chancen auf aktives Gegenspiel.} 34. Re3 Raf8 35. Nf3 {[%cal Rf3g5]}
h6 36. Qg6 Bf5 $19 {Mit diesem Zug entscheidet Schwarz die Partie. Weiß hat
eine unbequeme Wahl: eine zweite zu Qualität geben oder den besten Bauern
herzugeben.} 37. exf5 Qxe3 38. Qxd6 (38. Qe6+ Qxe6 39. fxe6 R8f6 40. d5 Kf8 $19
{Der schwarze König kontrolliert den Freibauern, und die beiden Türme gewinnen
leicht.}) 38... R4xf5 39. dxc5 bxc5 40. Bd1 (40. Qxa6 Rxf3 41. gxf3 Qxf3+ 42.
Kh2 (42. Kg1 Qg3+ 43. Kh1 Rf1#) 42... Qe2+ 43. Kg3 (43. Kg1 Rf1#) 43... Rf3+
44. Kh4 Qe4+ 45. Kh5 Rxh3#) 40... a5 {Weiß gab in dieser völlig hoffnungslosen
Stellung auf.} 0-1

[Event "HUN-ch 55th"]
[Site "Kazincbarcika"]
[Date "2005.05.17"]
[Round "8"]
[White "Berkes, Ferenc"]
[Black "Erdos, Viktor"]
[Result "1/2-1/2"]
[WhiteElo "2617"]
[BlackElo "2480"]
[Annotator "Ribli,Z"]
[PlyCount "79"]
[EventDate "2005.05.10"]
[EventType "tourn"]
[EventRounds "9"]
[EventCountry "HUN"]
[EventCategory "12"]
[SourceTitle "CBM 107"]
[Source "ChessBase"]
[SourceDate "2005.08.01"]
[SourceVersion "1"]
[SourceVersionDate "2005.08.01"]
[SourceQuality "1"]

1. c4 b6 {Das ist eine in England beliebte Variante; Speelman, Miles, Hodgson
und andere englische Spieler wählen gerne diese Fortsetzung.} 2. Nf3 Bb7 3. g3
$6 {Weiß möchte seinen weißfeldrigen Läufer auf der großen Diagonale plazieren,
aber trotzdem gefällt mir dieser Zug nicht. Die Alternative wäre 3.d4.} (3. d4)
3... Bxf3 $1 {Schwarz hat keine Angst vor dem weißen Läuferpaar und tauscht
seinen Läufer ab. Dadurch erhält Weiß eine schlechte Bauernstruktur} 4. exf3 c5
5. Bg2 {Ein schablonenhafter Zug; stattdessen hätte Weiß sich mit 5.d4!? von
seiner Schwächung auf d4 befreien können.} (5. b3 $6 {Dieser Zug gefällt mir
nicht - Schwarz kann ohne Probleme das Schlüsselfeld d4 besetzen..} Nc6 6. Bg2
e6 7. f4 Nge7 $1 {[%csl Yd4][%cal Ge7f5,Gf5d4]} 8. O-O Nf5 9. Bb2 Be7 {[%cal
Ge7f6,Gf6a1]} 10. Na3 Bf6 $15 {. 0-1 Hertneck,G-King,D/Germany 2000/CBM 76/
[Ribli] (62)}) (5. d4 $5 cxd4 6. Qxd4 Nc6 7. Qd1 e6 8. Bg2 Rc8 9. Nd2 Ne5 10.
Qe2 Qc7 (10... Be7 $13) 11. b3 Nd3+ $2 12. Qxd3 Qe5+ 13. Ne4 Bb4+ 14. Ke2 Qxa1
15. Qc2 Qe5 16. Bb2 Qf5 17. Bxg7 $18 {Ribli-Gutman BL 1987/88}) 5... Nc6 6. f4
g6 7. d3 (7. O-O Bg7 8. Nc3 (8. d3 e6 9. Nd2 Nge7 10. Rb1 O-O 11. a3 a5 12. Nf3
a4 13. b3 axb3 14. Qxb3 Ra6 15. Bb2 Bxb2 16. Qxb2 Nf5 {0-1 Bursteinas,R-Ruzele,
D/Vilnius 2000/CBM 75 ext (67)}) 8... Nh6 (8... e6 9. b3 Nge7 10. Bb2 O-O 11.
d3 Rc8 12. Qd2 a6 13. Rad1 Nf5 14. Rfe1 Ncd4 15. Rc1 d6 {0-1 Parkkinen,
J-Nyback,T/Jyvaskyla 2003/EXT 2005 (46)}) 9. g4 f5 10. g5 Nf7 11. h4 h6 12. d3
hxg5 13. hxg5 Rc8 14. Re1 Kf8 15. Re3 Bd4 16. Rg3 Rh4 17. Ne2 Bg7 18. Rh3 Rxh3
19. Bxh3 d5 {0-1 Varga,Z-Erdos,V/Budapest 2002/(37)}) 7... Bg7 8. Nd2 Nh6 $15 {
[%csl Gc6,Yd4,Gg7,Gh6][%cal Gh6f5,Gf5d4,Gg7a1] Weiß besitzt das Läuferpaar,
aber in dieser Stellung sind die Springer die besseren, weil aktiveren Figuren.
Das Feld d4 ist in der weißen Stellung bleibt ewiges positionelles Loch.} 9.
Rb1 {Mit diesem Zug möchte Weiß den Wirkungskreis des g7-Läufers begrenzen.}
Nf5 10. a3 a5 (10... O-O 11. b4 $11) 11. h4 h5 (11... O-O 12. h5 Qc7 $15) 12.
Ne4 e6 13. Ng5 Rb8 14. Bd2 Nfd4 15. O-O b5 $1 {[%mdl 32]} 16. Re1 (16. cxb5
Rxb5 $15) 16... b4 17. a4 Qe7 18. b3 f6 19. Bxc6 (19. Ne4 f5 20. Ng5 O-O $15)
19... fxg5 $5 (19... Nxc6 20. Nf3 $15) 20. Be4 gxh4 21. Bxg6+ Kd8 {[%csl Gd8]
[%cal Gd8c7][%mdl 256] Der schwarze König wandert zum sicheren Damenflügel.}
22. Bxh5 hxg3 23. fxg3 Kc7 $17 {[%csl Gc7,Rg1] .} 24. Kg2 Rbg8 {[%csl Gd4,Rg2,
Gg8,Gh8][%cal Gg8g2,Gh8h1]} 25. Rh1 Bh6 (25... Qd6 $5 $17) 26. Qe1 Qg7 27. Rh3
e5 {[%csl Rf4][%cal Gh6d2]} 28. Qe4 exf4 29. Bxf4+ Bxf4 (29... d6 30. Bxh6 Qxh6
31. Rf1 Kb6 32. Bg4 $15) 30. Qxf4+ d6 31. Re1 (31. Qf7+ Qxf7 32. Bxf7 Rxh3 33.
Kxh3 Rg7 34. Bd5 Rh7+ 35. Kg2 Rg7 $11) 31... Rf8 32. Qe4 Qf6 33. Qe7+ Qxe7 34.
Rxe7+ Kb6 35. Bf7 Rxh3 36. Kxh3 Nf5 $2 {Mit diesem Zug sichert sich Scwarz das
Remis, aber er konnte ruhig den b3-Bauern nehmen.} (36... Nxb3 $1 37. Bd5 Rb8
$17) 37. Rd7 Kc6 38. Ra7 Kb6 39. Rd7 Kc6 40. Ra7 1/2-1/2